| 000 | nam a22 7a 4500 | ||
|---|---|---|---|
| 999 |
_c15688 _d15688 |
||
| 008 | 161103b xxu||||| |||| 00| 0 eng d | ||
| 020 | _a9780826335753 | ||
| 050 | _aHD 237 .H724H47 2006 | ||
| 100 | _aHester,James J. | ||
| 245 |
_aRance Hood : _bMystic Painter/ _cJames J.Hester,Rance Hood,John R.Rohner and JoanFredrick |
||
| 260 |
_aAlbuquerque : _bUniversity of New Mexico Press, _cc2006 |
||
| 300 |
_axxiv,176. : _bill. ; |
||
| 500 | _aIncludes references and index. | ||
| 650 | _aHood,Rance | ||
| 650 |
_aIndian painters _xBiography _zUnited States |
||
| 650 |
_aComanche Indians _xBiography |
||
| 700 | _aHood,Rance | ||
| 700 | _aRohner,John.R | ||
| 700 | _aFredrick,Joan | ||
| 942 |
_2lcc _cBOOKS _hHD 237 .H724H47 2006 |
||